书目信息 |
| 题名: |
工程图学上机指导书
|
|
| 作者: | 杨永明 , 王永泉 主编 | |
| 分册: | ||
| 出版信息: | 北京 国防工业出版社 2010.08 |
|
| 页数: | 188页 | |
| 开本: | 23cm | |
| 丛书名: | ||
| 单 册: | ||
| 中图分类: | TB237 | |
| 科图分类: | ||
| 主题词: | 工程制图--gong cheng zhi tu--计算机制图--应用软件--教学参考资料 | |
| 电子资源: | ||
| ISBN: | 978-7-118-06845-0 | |
| 000 | 00943nam0 2200253 450 | |
| 001 | 012011366666 | |
| 005 | 20111028102348.32 | |
| 010 | @a978-7-118-06845-0@dCNY20.00 | |
| 100 | @a20111028d2010 em y0chiy0120 ea | |
| 101 | 0 | @achi |
| 102 | @aCN@b110000 | |
| 105 | @aak a 000yy | |
| 106 | @ar | |
| 200 | 1 | @a工程图学上机指导书@Agong cheng tu xue shang ji zhi dao shu@f杨永明, 王永泉主编@Fyang yong ming,wang yong quan zhu bian |
| 210 | @a北京@c国防工业出版社@d2010.08 | |
| 215 | @a188页@c图@d23cm | |
| 320 | @a有书目 (第188页) | |
| 330 | @a本书详细讲解了CAXA2007二维软件的使用方法,给出了详细的三维造型步骤和技巧,介绍了装配体的零件造型后装配方法和装配体的在位造型设计方法。 | |
| 606 | 0 | @a工程制图@Agong cheng zhi tu@x计算机制图@x应用软件@j教学参考资料 |
| 690 | @aTB237@v4 | |
| 701 | 0 | @a杨永明@Ayang yong ming@4主编 |
| 701 | 0 | @a王永泉@Awang yong quan@4主编 |
| 801 | 0 | @aCN@bQSSK@c20111028 |
| 905 | @b794748-752@dTB237@eY324@f3 | |
| 工程图学上机指导书/杨永明, 王永泉主编.-北京:国防工业出版社,2010.08 |
| 188页:图;23cm |
| ISBN 978-7-118-06845-0:CNY20.00 |
| 本书详细讲解了CAXA2007二维软件的使用方法,给出了详细的三维造型步骤和技巧,介绍了装配体的零件造型后装配方法和装配体的在位造型设计方法。 |
| ● |
| 相关链接 |
|
|
|
正题名:工程图学上机指导书
索取号:TB237/Y324
 
预约/预借
| 序号 | 登录号 | 条形码 | 馆藏地/架位号 | 状态 | 备注 |
| 1 | 794748 | 207947481 | 自科库501/501自科库 7排4列5层/ [索取号:TB237/Y324] | 在馆 | |
| 2 | 794749 | 207947490 | 自科库501/501自科库 7排4列5层/ [索取号:TB237/Y324] | 在馆 | |
| 3 | 794750 | 207947506 | 期刊室512/501自科库 7排4列5层/ [索取号:TB237/Y324] | 在馆 |